000
00325nam a22001457a 4500
003
OSt
005
20160727222343.0
008
160620b xxu||||| |||| 00| 0 eng d
040
_c
TEST
100
_9
148
_a
Lishak, A
245
_a
Wonderrest
_b
Wonderrest
260
_a
Ginn & Comp
_c
1990
300
_a
Wonderrest
942
_2
ddc
_c
BK
999
_c
120
_d
120